| 000 | 01487nam a22003977a 4500 | ||
|---|---|---|---|
| 001 | 0066143 | ||
| 003 | KOHA_MİRAKIL | ||
| 005 | 20260207004633.0 | ||
| 007 | ta | ||
| 008 | 210708b2019 tu |||grd|||#0|||1|tur | | ||
| 020 |
_a9789751741882 _q(Tk.) |
||
| 020 |
_a9789751741899 _q(c.1) |
||
| 020 |
_a9789751741929 _q(c.2) |
||
| 040 |
_aTR-BiSEU _btur _cTR-BiSEU _erda |
||
| 041 | 0 | _aota | |
| 044 | _ctu | ||
| 050 |
_aPL195 _b.M84 2019 |
||
| 100 | 0 | _aMehmed Salâhî. | |
| 245 | 1 |
_aKamûs-ı Osmânî (inceleme- tıpkıbasım)/ _cMehmed Salâhî ; Mehmed Salâhî ; hazırlayan Ali Birinci. |
|
| 264 | 1 |
_aİstanbul : _bTürkiye Yazma Eserler Kurumu Başkanlığı Yayınları _c2019 |
|
| 300 |
_a2 cilt ; _c18 cm. |
||
| 336 |
_ametin _btxt _2rdacontent |
||
| 337 |
_aaracısız _bn _2rdamedia |
||
| 338 |
_acilt _bnc _2rdacarrier |
||
| 490 | 1 |
_aTürkiye Yazma Eserler Kurumu Başkanlığı Yayınları ; _v128 |
|
| 500 | _aMaarif Nezaret-i Celilesi'nin 59 numaralı ve fi 1 Nisan 1312 tarihli ruhsatnamesiyle tab' olunmuşdur. | ||
| 650 | 0 |
_aDil. _91577 |
|
| 650 | 0 |
_aTürk dili. _96755 |
|
| 650 | 0 |
_aOsmanlıca. _952650 |
|
| 650 | 0 |
_aOsmanlıca sözlükler. _9118655 |
|
| 650 | 0 |
_aTürk dili--Yabancı kelimeler ve deyimler--Arapça--Sözlükler. _9125004 |
|
| 650 | 0 |
_aTurkish language--Foreign words and phrases--Dictionaries. _926696 |
|
| 830 | 1 |
_aTürkiye Yazma Eserler Kurumu Başkanlığı Yayınları ; _v128 _935771 |
|
| 907 | _aSözlük | ||
| 942 |
_2lcc _cBK |
||
| 999 |
_c66582 _d66582 |
||